Responses for show #7087 - Tuesday, June 9, 2015

Contestants

Holly Cooper, a junior project manager from Henderson, Nevada

Phil Arevalo, a Ph.D. candidate in microbiology originally from Springfield, Virginia

Chris Wonderly, a visual information specialist originally from Kansas City, Missouri (whose 2-day cash winnings total $35,600)

Jeopardy! Round responses

GONE FISHING
THE 7 LIBERAL ARTS
(Alex: As defined by Martianus Capella. I don't know who he was.)
SPORTS AWARDS
WOMEN IN HISTORY
POLITICAL VOCABULARY
A LITTLE R & R
(Alex: Each correct response will begin and end with an "R".)
    $200 1
tuna

Chris
    $200 6
arithmetic

Chris
    $200 21
the World Cup

Holly
    $200 11
(Holly: Who is Clara Barton?)

Florence Nightingale

ChrisHolly
    $200 16
a delegate

Chris
    $400 2
(Chris: What are hooks?)

knots

ChrisPhil
    $400 7
grammar

Phil
    $400 22
the Heisman Trophy

Chris
    $400 12
Catherine the Great

Chris
    $400 17
landslide

Phil
    $600 3
a spinner

Chris
    $600 8
music

Chris
    $600 23
(Alex: With less than a minute to go, you are right.)

basketball

Holly
    $600 13
(Phil: What is doge?)
...
(Alex: Alexander VI, yes.)

pope

PhilHolly
    $600 18
(Chris: What is the roll call?)

voice vote

Chris
Triple Stumper
    $600 28
[The end-of-round signal sounds.]

a rider

Phil
    $800 4
catfish

Chris
    $800 9
logic

Phil
    $800 24
Australia & New Zealand

Phil
    $800 14
suffragettes

Holly
    $800 19
(Holly: What is the buck stops here?)

passing the buck

PhilHolly
    $800 27
a Rottweiler

Holly
    $1000 5
spearfishing (or bowfishing)

Phil
    $1000 10
rhetoric

Holly
    $1000 25
a green jacket

Chris
    $1,000 15
(Holly: Who is Stanton?)

Margaret Sanger

Holly
    $1000 20
a bundler

Triple Stumper
    $1000 26
the rainmaker

Triple Stumper

Scores at the first commercial break (after clue 15):

Chris Phil Holly
$2,600 $2,000 $1,200

Scores at the end of the Jeopardy! Round:

Chris Phil Holly
$3,600 $4,600 $2,000

Double Jeopardy! Round responses

BRIT LIT
DOUBLE TROUBLE
COLLEGE KNOWLEDGE
PRETTY CITY
GROOVY MOVIE
(Alex: And I hope you picked up on the theme...)
RHYME TIME
    $400 1
rhyme

Holly
    $400 26
the lungs

Chris
    $400 6
Florida State

Chris
    $400 11
Venice

Phil
    $400 16
Austin Powers

Phil
    $400 21
dragon wagon

Holly
    $500 2
(Holly: I'm sorry, I don't know.)

The Life and Adventures of Martin Chuzzlewit

Holly
    $800 27
double standard

Holly
    $2,000 7
(Chris: What is Penn?)

Bryn Mawr

Chris
    $800 12
Paris

Holly
    $800 17
Hair

Phil
    $800 22
fiery diary

Triple Stumper
    $1200 3
children

Chris
    $1200 28
concussions

Chris
    $1200 8
Bowdoin

Triple Stumper
    $1200 13
San Francisco

Chris
    $1200 18
(Holly: What is the [*]?)

Yellow Submarine

Holly
    $1200 23
leather tether

Holly
    $1600 4
Neil Gaiman

Triple Stumper
    $1600 29
double-dipping

Chris
    $1600 9
Gonzaga

Holly
    $1600 14
Belgium

Chris
    $1600 19
Almost Famous

Phil
    $1600 24
Earth girth

Chris
    $2000 5
Charles Lamb

Triple Stumper
    $2000 30
a double agent

Phil
    $2000 10
Syracuse University

Triple Stumper
    $2000 15
Kyoto

Holly
    $2000 20
Easy Rider

Holly
    $2000 25
a park lark

Phil

Scores at the end of the Double Jeopardy! Round:

Chris Phil Holly
$10,800 $11,800 $11,900

[wagering suggestions for these scores]

Final Jeopardy! Round responses

HUMANITIES & HISTORY
(Alex: Well, we have three dots and a dash. Ba-ba-ba... bah.)
ChrisWhat is Beethoven's Fifth ? Symphony
$10,000
PhilWhat is Beethoven's 5th Symphony?
$11,800
HollyWhat
$6,000
Beethoven's Fifth Symphony

Final scores:

Chris Phil Holly
$20,800 $23,600 $5,900
2nd place: $2,000 New champion: $23,600 3rd place: $1,000

Game dynamics:

Coryat scores:

Chris Phil Holly
$12,800 $11,800 $13,400
18 R,
3 W
(including 1 DD)
14 R,
1 W
15 R,
4 W
(including 2 DDs)

Combined Coryat: $38,000

The J! Archive is created by fans, for fans. The Jeopardy! game show and all elements thereof, including but not limited to copyright and trademark thereto, are the property of Jeopardy Productions, Inc. and are protected under law. This website is not affiliated with, sponsored by, or operated by Jeopardy Productions, Inc. Join the discussion at JBoard.tv.